Famous Five-Letter Titled Films - Statistics

General Stats
  • This quiz has been taken 55 times
  • The average score is 8 of 23
Answer Stats
Actor/ Director Movie % Correct
Carl Weathers Rocky
84%
Ridley Scott Alien
82%
Patrick Swayze Ghost
72%
Liam Neeson Taken
66%
Sylvester Stallone Rambo
60%
Frances McDormand Fargo
58%
Danny DeVito Twins
50%
Sandra Bullock Speed
48%
Wesley Snipes Blade
46%
Will Smith Hitch
38%
Salma Hayek Frida
32%
James Cameron Abyss
18%
Adam Sandler Click
18%
Jennifer Lopez Gigli
18%
Carol Burnett Annie
16%
Cameron Diaz Shrek
16%
Dwayne Johnson Moana
14%
Matt Damon Dogma
12%
Michael Keaton Dumbo
12%
Sigourney Weaver Holes
12%
John Ratzenburger Brave
10%
Bobby Stewart Bambi
6%
Scarlett Johansson Scoop
4%
No matching quizzes found
Score Distribution
Percent of People with Each Score
Percentile by Number Answered
Your Score History
You have not taken this quiz